No More Rights Without Remedies (Record no. 352366)
[ view plain ]
| 000 -LEADER | |
|---|---|
| fixed length control field | 00739nam a2200133Ia 4500 |
| 008 - FIXED-LENGTH DATA ELEMENTS--GENERAL INFORMATION | |
| fixed length control field | 171212s9999 xx 000 0 und d |
| 020 ## - INTERNATIONAL STANDARD BOOK NUMBER | |
| International Standard Book Number | 9780833078667 |
| 100 ## - MAIN ENTRY--PERSONAL NAME | |
| Personal name | Davis, Robert C.;Anderson, James M.;Howley, Susan;Dorris, Carol;Whitman, Julie |
| 245 ## - TITLE STATEMENT | |
| Statement of responsibility, etc | Davis, Robert C.;Anderson, James M.;Howley, Susan;Dorris, Carol;Whitman, Julie |
| Title | No More Rights Without Remedies |
| Remainder of title | An Impact Evaluation of the National Crime Victim Law Institute's Victims' Rights Clinics |
| 260 ## - PUBLICATION, DISTRIBUTION, ETC. (IMPRINT) | |
| Name of publisher, distributor, etc | RAND Corporation |
| Date of publication, distribution, etc | 2012 |
| 650 ## - SUBJECT ADDED ENTRY--TOPICAL TERM | |
| Topical term or geographic name as entry element | Law |
| 650 ## - SUBJECT ADDED ENTRY--TOPICAL TERM | |
| Topical term or geographic name as entry element | Victims of crimes -- Legal status, laws, etc. -- United States; Criminal justice, Administration of -- United States; Privacy, Right of -- United States |
| 856 ## - ELECTRONIC LOCATION AND ACCESS | |
| Uniform Resource Identifier | <a href="www.jstor.org/stable/10.7249/j.ctt3fh28v">www.jstor.org/stable/10.7249/j.ctt3fh28v</a> |
| Withdrawn status | Lost status | Damaged status | Home library | Current library | Date acquired | Total Checkouts | Full call number | Date last seen | Price effective from | Koha item type |
|---|---|---|---|---|---|---|---|---|---|---|
| College Library | College Library | 12/12/2017 | KF9763.D38 2012 | 12/12/2017 | 12/12/2017 | Curriculum - Based eBooks |